Los 100 mejores actores de Mexico - Estadísticas

Estadísticas generales
  • Esta prueba ha sido intentada 175 veces
  • La puntuación promedio es 16 de 100
Estadísticas de respuestas
Hint Respuesta % Correcto
1 Mario Moreno Cantinflas
62%
16 Pedro Infante
60%
71 Eugenio Derbez
56%
5 Diego Luna
52%
6 Gael Garcia
52%
15 Jorge Negrete
46%
13 Roberto Gomez Bolaños
44%
2 German Valdez Tin tan
39%
52 Ignacio Lopez Tarso
37%
80 Sebastian Rulli
36%
17 Ramon Valdez
35%
9 Fernando Colunga
31%
68 Andres Garcia
30%
11 Jaime Camil
25%
37 Jorge Salinas
25%
94 Alfonso Herrera
24%
91 Antonio Aguilar
23%
31 Demian Bichir
23%
74 Eduardo Yañez
23%
14 Joaquin Pardave
23%
92 Xavier Lopez Chabelo
23%
28 William Levy
21%
99 Arturo Peniche
20%
89 El Santo
20%
20 Fernando Soler
20%
18 Pedro Armendariz
20%
42 Pedro Armendariz Jr
20%
24 Andres Soler
19%
55 Domingo Soler
19%
4 Luis Gerardo Mendez
19%
73 Cesar Evora
18%
32 Damian Alcazar
18%
65 David Zepeda
18%
38 Eduardo Santamarina
18%
75 Juan Soler
18%
21 Luis Aguilar
18%
88 Arath de la Torre
17%
72 Jose Ron
17%
35 Odiseo Bichir
17%
25 Adalberto Martinez Resortes
16%
33 Bruno Bichir
16%
12 Diego Boneta
16%
66 Hector Suarez
16%
62 Enrique Rocha
15%
3 Fernando Lujan
15%
48 Hector Bonilla
15%
30 Tenoch Huerta
14%
40 Eduardo Capetillo
13%
57 Eric del Castillo
13%
36 Ernesto Laguardia
13%
60 Gonzalo Vega
13%
7 Juan Pablo Medina
13%
93 Salvador Sanchez
13%
76 Guy Ecker
12%
22 Fernando Soto
11%
63 Mauricio Ochman
11%
86 Sergio Goyri
11%
10 Valentino Lanus
11%
82 Alejandro Camacho
10%
85 Cesar Costa
10%
84 Humberto Zurita
10%
46 Jose Carlos Ruiz
10%
27 Jose Elias Moreno
10%
51 Juan Ferrara
10%
61 Mario Ivan Martinez
10%
77 Sergio Sendel
10%
59 Ernesto Gomez Cruz
9%
98 Flavio Medina
9%
26 Jorge Mistral
9%
100 Rene Casados
9%
79 Rene Strickler
9%
8 Rogelio Guerra
9%
29 Dario Yazbek
8%
41 Ernesto Alonso
8%
19 Arturo de Cordova
7%
23 Mauricio Garces
7%
58 Rafael Sanchez Navarro
7%
47 Daniel Gimenez Cacho
5%
45 Luis Felipe Tovar
5%
54 Luis Fernando Peña
5%
69 Manolo Fabregas
5%
49 Manuel Ojeda
5%
67 Mauricio Islas
5%
81 Alfonso Zayas
4%
95 Erick Elias
4%
64 Jorge Poza
4%
34 Luis Ernesto Franco
4%
39 Miguel Rodarte
4%
83 Sergio Corona
4%
78 Ari Telch
3%
90 Juan Diego Covarrubias
3%
50 Roberto Cobo
3%
44 Tito Junco
3%
56 Alfonso Arau
2%
43 Enrique Lizalde
2%
53 Jorge Martinez de Hoyos
2%
87 Manuel Saval
2%
70 Alfonso Dosal
1%
97 Jorge Lavat
1%
96 Juan Carlos Colombo
1%
No se encontraron pruebas coincidentes
Distribución de puntuación
Porcentaje de gente con cada puntuación
Porcentaje por número respondido
Historial de tus puntuaciones
No has intentado esta prueba.